Statistics for Ceilings - Lizzie Mcalpine

Click here to take the quiz!

General Stats

  • This quiz has been taken 48 times
  • The average score is 182 of 192

Answer Stats

Answer% Correct
Can't
100%
Ceilings
100%
Faster
100%
I
100%
It
100%
Just
100%
Make
100%
You
100%
A
97%
And
97%
Be
97%
Before
97%
But
97%
Car
97%
Don't
97%
Exist
97%
Feels
97%
Go
97%
In
97%
It's
97%
Its
97%
I've
97%
Kiss
97%
Last
97%
Like
97%
Me
97%
Movie
97%
No
97%
Not
97%
Of
97%
Real
97%
Recall
97%
Seen
97%
Start
97%
The
97%
Time
97%
To
97%
Your
97%
You're
97%
Cute
95%
Driving
95%
Here
95%
Home
95%
Kinda
95%
Kissed
95%
Lovely
95%
Plaster
95%
Wanna
95%
With
95%
My
92%
Now
92%
Raining
92%
Sit
92%
So
92%
Was
92%
Full
89%
Have
89%
Hits
89%
Leave
89%
Over
89%
Shoes
89%
Water
89%
Are
87%
Lay
87%
Moment
87%
Ruin
87%
Sitting
87%
All
84%
As
84%
Chaos
84%
Comes
84%
Comfort
84%
Else
84%
Get
84%
Harder
84%
Nobody
84%
On
84%
Touch
84%
Up
84%
Clothes
82%
Does
82%
Out
82%
Say
82%
This
82%
Would
82%
Then
79%
Between
76%
Short
76%
Bedsheets
74%
Rained
74%

Score Distribution

Percentile by Number Answered

Percent of People with Each Score

Your Score History

You have not taken this quiz